[Event "Cairnhill op 19th"]
[Site "Singapore"]
[Date "2001.12.29"]
[Round "6"]
[White "Tay, Junior"]
[Black "Lim, Hoon Cheng"]
[Result "1-0"]
[WhiteElo "2184"]
[BlackElo "2233"]
[PlyCount "87"]
[EventDate "2001.12.26"]
[EventType "swiss"]
[EventRounds "7"]
[EventCountry "SIN"]
[SourceTitle "CBM 085 Extra"]
[Source "ChessBase"]
[SourceDate "2002.01.21"]
[SourceVersion "1"]
[SourceVersionDate "2002.01.21"]
[SourceQuality "1"]

1. c4 f5 2. g3 Nf6 3. Bg2 g6 4. Nc3 Bg7 5. d3 0-0 6. e4 d6 7. Nge2 e5 8. exf5 gxf5 9. 0-0 c6 10. Kh1 Rf7 11. f4 Na6 12. Be3 Qf8 13. h3 Bd7 14. fxe5 dxe5 15. d4 e4 16. a3 Nc7 17. Nf4 Ne6 18. Nce2 Nc7 19. Qc2 b5 20. b3 a5 21. Nc3 Rc8 22. Qa2 Bh6 23. Rae1 Kh8 24. Kh2 Bg7 25. Rd1 Rb8 26. Nce2 Rd8 27. d5 cxd5 28. Bb6 Bc8 29. cxb5 Nfe8 30. Nd4 Qd6 31. Nc6 Rdd7 32. a4 Bb7 33. Qc2 Qh6 34. Be3 Nf6 35. Kg1 Qg5 36. Qf2 Nh5 37. Nxh5 Qxh5 38. Nxa5 Bc8 39. Nc6 Ne6 40. a5 d4 41. Rxd4 Nxd4 42. Nxd4 f4 43. gxf4 Rd6 44. f5 1-0

[Event "Asia Cities-ch 11th"]
[Site "Genting Highlands"]
[Date "1998.04.15"]
[Round "9"]
[White "Al Modiahki, Mohamad"]
[Black "Lim, Hoon Cheng"]
[Result "1-0"]
[WhiteElo "2425"]
[BlackElo "2285"]
[PlyCount "69"]
[EventDate "1998.04.09"]
[EventType "team-swiss"]
[EventRounds "9"]
[EventCountry "MAS"]
[SourceTitle "EXT 2020"]
[Source "ChessBase"]
[SourceDate "2019.10.17"]
[SourceVersion "1"]
[SourceVersionDate "2019.10.17"]
[SourceQuality "1"]
[WhiteTeam "Doha"]
[BlackTeam "Penang"]
[WhiteTeamCountry "QAT"]
[BlackTeamCountry "MAS"]

1. e4 c5 2. Nf3 d6 3. d4 cxd4 4. Nxd4 Nf6 5. Nc3 a6 6. g3 e5 7. Nde2 b5 8. Bg2 Bb7 9. h3 Nbd7 10. g4 b4 11. Nd5 Nxd5 12. exd5 g6 13. 0-0 Bg7 14. a3 bxa3 15. Rxa3 0-0 16. Ng3 Rc8 17. Re1 Qc7 18. Rc3 Qa5 19. Rb3 Nc5 20. Ra3 Qc7 21. Bd2 Rb8 22. c4 Rfc8 23. Qe2 Qd8 24. b4 Nd7 25. Rc1 Qf8 26. Qd3 e4 27. Nxe4 Bb2 28. Rac3 Bxc1 29. Bxc1 Qe7 30. Bf4 Ne5 31. Qd4 Re8 32. Bg5 f6 33. Nxf6+ Kf7 34. Nxe8 Qxe8 35. f4 1-0

[Event "Asia Cities-ch 11th"]
[Site "Genting Highlands"]
[Date "1998.04.13"]
[Round "7"]
[White "Lim, Hoon Cheng"]
[Black "Lodhi, Mahmood"]
[Result "0-1"]
[WhiteElo "2285"]
[BlackElo "2425"]
[PlyCount "78"]
[EventDate "1998.04.09"]
[EventType "team-swiss"]
[EventRounds "9"]
[EventCountry "MAS"]
[SourceTitle "EXT 2020"]
[Source "ChessBase"]
[SourceDate "2019.10.17"]
[SourceVersion "1"]
[SourceVersionDate "2019.10.17"]
[SourceQuality "1"]
[WhiteTeam "Penang"]
[BlackTeam "Karachi"]
[WhiteTeamCountry "MAS"]
[BlackTeamCountry "PAK"]

1. e4 e5 2. Nf3 Nc6 3. Bb5 a6 4. Ba4 Nf6 5. 0-0 Be7 6. Re1 b5 7. Bb3 d6 8. c3 0-0 9. h3 Na5 10. Bc2 c5 11. d4 Qc7 12. Nbd2 cxd4 13. cxd4 Bd7 14. d5 Rac8 15. Bb1 Ne8 16. Nf1 f5 17. exf5 Bxf5 18. Bxf5 Rxf5 19. Ne3 Rf7 20. b3 Nb7 21. b4 a5 22. a3 Qd7 23. Bb2 Nc7 24. Rc1 Rcf8 25. Qc2 Na8 26. Qc6 Bd8 27. Qa6 Nb6 28. Rc6 e4 29. Nd4 Rxf2 30. Bc1 axb4 31. axb4 Nc4 32. Nxc4 bxc4 33. Ne6 Qf7 34. Be3 Bh4 35. Nxf8 Rxg2+ 36. Kxg2 Qf3+ 37. Kh2 Qg3+ 38. Kh1 Qxe1+ 39. Kg2 Qg3+ 0-1

[Event "Asia Cities-ch 11th"]
[Site "Genting Highlands"]
[Date "1998.04.13"]
[Round "6"]
[White "Sabri, Mohd Saprin"]
[Black "Lim, Hoon Cheng"]
[Result "0-1"]
[WhiteElo "2210"]
[BlackElo "2285"]
[PlyCount "34"]
[EventDate "1998.04.09"]
[EventType "team-swiss"]
[EventRounds "9"]
[EventCountry "MAS"]
[SourceTitle "EXT 2020"]
[Source "ChessBase"]
[SourceDate "2019.10.17"]
[SourceVersion "1"]
[SourceVersionDate "2019.10.17"]
[SourceQuality "1"]
[WhiteTeam "Johor Bahru"]
[BlackTeam "Penang"]
[WhiteTeamCountry "MAS"]
[BlackTeamCountry "MAS"]

1. a3 g6 2. g3 Bg7 3. c4 d6 4. Bg2 e5 5. Nc3 Nf6 6. d3 0-0 7. b4 h6 8. Rb1 Re8 9. Qc2 Nbd7 10. a4 a5 11. b5 Nb6 12. Ba3 e4 13. Bc5 exd3 14. Qxd3 Bf5 15. e4 dxc5 16. Qxd8 Raxd8 17. f3 Be6 0-1

[Event "Asia Cities-ch 11th"]
[Site "Genting Highlands"]
[Date "1998.04.11"]
[Round "5"]
[White "Tan, Wei Sin"]
[Black "Lim, Hoon Cheng"]
[Result "1/2-1/2"]
[WhiteElo "2070"]
[BlackElo "2285"]
[PlyCount "43"]
[EventDate "1998.04.09"]
[EventType "team-swiss"]
[EventRounds "9"]
[EventCountry "MAS"]
[SourceTitle "EXT 2020"]
[Source "ChessBase"]
[SourceDate "2019.10.17"]
[SourceVersion "1"]
[SourceVersionDate "2019.10.17"]
[SourceQuality "1"]
[WhiteTeam "Shah Alam"]
[BlackTeam "Penang"]
[WhiteTeamCountry "MAS"]
[BlackTeamCountry "MAS"]

1. e4 c5 2. Nf3 d6 3. d4 cxd4 4. Nxd4 Nf6 5. Nc3 a6 6. f4 Nbd7 7. Be2 e5 8. Nb3 Be7 9. 0-0 b5 10. a4 b4 11. Nd5 Bb7 12. Bf3 Nxd5 13. exd5 Nf6 14. Re1 0-0 15. fxe5 dxe5 16. Rxe5 Bd6 17. Re2 Bxd5 18. Bxd5 Nxd5 19. Qd4 Qb6 20. Qxb6 Nxb6 21. Be3 Rfe8 22. Rae1 1/2-1/2

[Event "Asia Cities-ch 11th"]
[Site "Genting Highlands"]
[Date "1998.04.09"]
[Round "1"]
[White "Lim, Hoon Cheng"]
[Black "Peng, Xiaomin"]
[Result "0-1"]
[WhiteElo "2285"]
[BlackElo "2535"]
[PlyCount "82"]
[EventDate "1998.04.09"]
[EventType "team-swiss"]
[EventRounds "9"]
[EventCountry "MAS"]
[SourceTitle "EXT 2020"]
[Source "ChessBase"]
[SourceDate "2019.10.17"]
[SourceVersion "1"]
[SourceVersionDate "2019.10.17"]
[SourceQuality "1"]
[WhiteTeam "Penang"]
[BlackTeam "Shi Jiazhuang"]
[WhiteTeamCountry "MAS"]
[BlackTeamCountry "CHN"]

1. d4 Nf6 2. c4 g6 3. Nc3 Bg7 4. e4 d6 5. Nf3 0-0 6. Be2 Nbd7 7. 0-0 e5 8. Be3 Ng4 9. Bg5 f6 10. Bc1 c6 11. d5 Qe7 12. Ne1 Nh6 13. Nd3 f5 14. f3 c5 15. a3 Nf7 16. b4 b6 17. Be3 Nf6 18. a4 f4 19. Bf2 g5 20. a5 Bd7 21. b5 h5 22. Ra2 g4 23. Bh4 Nh6 24. Nf2 Qf7 25. Bxf6 Bxf6 26. fxg4 Qg7 27. gxh5 Kh8 28. Kh1 Bh4 29. h3 Bxf2 30. Rxf2 Qg3 31. Bf3 Rg8 32. Rf1 Qh4 33. Rff2 bxa5 34. Qg1 Rg3 35. Ne2 Rag8 36. Qh2 Nf7 37. Ng1 Ng5 38. Rf1 Be8 39. Rxa5 Bxh5 40. Rxa7 Nxf3 41. gxf3 Rxg1+ 0-1

[Event "Olympiad-30"]
[Site "Manila"]
[Date "1992.06.12"]
[Round "5.4"]
[White "Mossong, Hubert"]
[Black "Lim, Hoon Cheng"]
[Result "0-1"]
[WhiteElo "2265"]
[BlackElo "2325"]
[PlyCount "74"]
[EventDate "1992.06.08"]
[EventType "team-swiss"]
[EventRounds "14"]
[EventCountry "PHI"]
[SourceTitle "TD"]
[Source "ChessBase"]
[SourceDate "1994.03.01"]
[SourceVersion "1"]
[SourceVersionDate "1994.03.01"]
[SourceQuality "1"]
[WhiteTeam "Luxembourg"]
[BlackTeam "Singapore"]
[WhiteTeamCountry "LUX"]
[BlackTeamCountry "SIN"]

1. e4 c6 2. d4 d5 3. e5 Bf5 4. Nc3 Qb6 5. Na4 Qc7 6. c3 e6 7. b4 Nd7 8. Nf3 f6 9. exf6 Ngxf6 10. Bd3 Bd6 11. 0-0 0-0 12. Nc5 Ne4 13. Nxd7 Qxd7 14. Bxe4 dxe4 15. Ne5 Bxe5 16. dxe5 Qf7 17. f3 Rad8 18. Qe1 Qg6 19. Be3 b6 20. fxe4 Bxe4 21. Rxf8+ Rxf8 22. Qd2 Bd5 23. Re1 Qg4 24. a4 Rf5 25. Bd4 Rg5 26. Re2 h6 27. a5 bxa5 28. bxa5 a6 29. h3 Qf5 30. Kh2 Qb1 31. Qb2 Qd3 32. Re3 Qb5 33. Qxb5 Rxg2+ 34. Kh1 cxb5 35. Bc5 Kf7 36. Bb6 Kg6 37. Bd8 Re2+ 0-1

[Event "Asia-chT final 8th"]
[Site "Genting Highlands"]
[Date "1989.07.22"]
[Round "4"]
[White "Lim, Hoon Cheng"]
[Black "Carless, David"]
[Result "1-0"]
[WhiteElo "2300"]
[BlackElo "2270"]
[PlyCount "69"]
[EventDate "1989.07.19"]
[EventType "team-swiss"]
[EventRounds "9"]
[EventCountry "MAS"]
[SourceTitle "EXT 2020"]
[Source "ChessBase"]
[SourceDate "2019.10.17"]
[SourceVersion "1"]
[SourceVersionDate "2019.10.17"]
[SourceQuality "1"]
[WhiteTeam "Singapore"]
[BlackTeam "Hong Kong"]
[WhiteTeamCountry "SIN"]
[BlackTeamCountry "HKG"]

1. e4 c5 2. Nf3 d6 3. Be2 Nf6 4. c3 Nc6 5. d4 g6 6. 0-0 Bg7 7. d5 Ne5 8. Nxe5 dxe5 9. Be3 0-0 10. f3 Qc7 11. Qd2 Ne8 12. Na3 a6 13. b4 cxb4 14. cxb4 b5 15. Rac1 Qb7 16. Rc6 f5 17. Rfc1 Qd7 18. Bd1 Bb7 19. Bb3 Kh8 20. R6c3 fxe4 21. fxe4 Qg4 22. Bh6 Rc8 23. Bd1 Qd7 24. Bxg7+ Kxg7 25. Rxc8 Bxc8 26. Qg5 Qa7+ 27. Rc5 Nd6 28. Qxe5+ Kg8 29. Nc2 a5 30. a3 axb4 31. axb4 Nb7 32. Qc7 Qa6 33. Rc6 Qa7+ 34. Qb6 Qa2 35. Rxc8 1-0